Eine deutsche Stadt mit jedem Buchstaben - Statistiken

Allgemein
  • Dieses Quiz wurde 473 mal gespielt
  • Das Durchschnittsergebnis liegt bei 16 aus 25
Antwortstatistiken
Buchstabe Tipp Stadt % Korrekt
A Westlichste deutsche Großstadt Aachen
98%
C Von 1953 bis 1990 Karl-Marx-Stadt Chemnitz
86%
F Einige markante Wolkenkratzergehören zu den höchsten Europas Frankfurt am Main
85%
K Nördlichste Großstadt Deutschlands Kiel
82%
N [...] ist Sitz der Bundesbehörden Bundesagentur für Arbeit und Bundesamt für Migration und Flüchtlinge Nürnberg
78%
M Gilt als ein Zentrum der Kultur, Politik, Wissenschaften und Medien München
77%
U Berühmte Persönlichkeit ist beispielsweise der in [...] geborene Albert Einstein Ulm
75%
J Das 144,5 m (mit Antenne 159,60 m) hohe Bürohochhaus Jentower war bei seiner Vollendung 1972 das höchste Hochhaus Deutschlands Jena
72%
I [...] ist nach Regensburg die zweitgrößte bundesdeutsche Stadt an der Donau Ingolstadt
71%
X Einzige deutsche Stadt in Deutschland die mit X beginnt.[...] ist zugleich als Römer-, Dom- und Siegfriedstadt bekannt Xanten
71%
O Nach den Städten Hannover und Braunschweig ist sie die drittgrößte Stadt Niedersachsens Oldenburg
69%
T Vor mehr als 2000 Jahren als Augusta Treverorum gegründet Trier
69%
P Drei öffentliche Hochschulen und mehr als 30 Forschungsinstitute sind in der Stadt ansässig Potsdam
67%
L Nach Mannheim die zweitgrößte Stadt der Metropolregion Rhein-Neckar Ludwigshafen am Rhein
63%
E Kleinste Großstadt in Bayern Erlangen
62%
Z 1810 wurde hier der Komponist der Romantik Robert Schumann geboren. Die Stadt ist daher international als Automobil- und Robert-Schumann-Stadt bekannt Zwickau
61%
Q In der historischen Altstadt befinden sich über 2100 Fachwerkhäuser aus acht Jahrhunderten Quedlinburg
57%
V Der Stadtname leitet sich nicht von „vier Seen“ ab, sondern von dem alten Namen „Viers“ Viersen
54%
W Im Jahre 2015 rangierte [...] auf dem sechsten Platz der wohlhabendsten Städte Deutschlands über 200.000 Einwohner Wiesbaden
48%
D Die im Jahre 883 erstmals urkundlich genannte Stadt entwickelte sich bereits im Mittelalter zu einem urbanen Handelszentrum Duisburg
46%
G Dritte ostwestfälische Großstadt Gütersloh
44%
B Zweitkleinste kreisfreie Stadtin Nordrhein-Westfalen Bottrop
41%
H Einzige deutsche Großstadt,die in der Zeit des Zweiten Weltkrieges mehr als 200.000 Einwohner hatte und nicht großflächig zerstört wurde Halle (Saale)
37%
R Mit der Gründung der Flugzeugwerke Arado 1921 und Heinkel 1922 wurde [...] ein bedeutender Technologiestandort Rostock
34%
S Sie ist die Geburtsstadt des Barockmalers Peter Paul Rubens, weshalb sich [...] auch als Rubensstadt bezeichnet Siegen
28%
Keine übereinstimmenden Quizze gefunden
Verteilung der Resultate
Anzahl Personen mit jedem Resultat
Perzentil nach korrekt beantworteten Fragen
Ihre Resultats-Entwicklung
Sie haben dieses Quiz noch nicht gespielt